Catálogo

DOÑA MARINA (LA MALINCHE) Y LA FORMACION DE LA IDENTIDAD MEXICANA (Registro nro. 49436)

Detalles MARC
000 -LEADER
fixed length control field 01125nam a2200193 a 4500
001 - CONTROL NUMBER
control field 49436
005 - DATE AND TIME OF LATEST TRANSACTION
control field 20180714034131.0
008 - FIXED-LENGTH DATA ELEMENTS--GENERAL INFORMATION
fixed length control field 140415s2002 sp 000 0 spa d
020 ## - INTERNATIONAL STANDARD BOOK NUMBER
International Standard Book Number 8474906547
041 ## - LANGUAGE CODE
Language code of text/sound track or separate title spa
082 ## - DEWEY DECIMAL CLASSIFICATION NUMBER
Classification number 972.023
Item number GON
100 1# - MAIN ENTRY--PERSONAL NAME
Personal name GONZALEZ HERNANDEZ, CRISTINA
245 10 - TITLE STATEMENT
Title DOÑA MARINA (LA MALINCHE) Y LA FORMACION DE LA IDENTIDAD MEXICANA
250 ## - EDITION STATEMENT
Edition statement 1a ed.
260 ## - PUBLICATION, DISTRIBUTION, ETC.
Place of publication, distribution, etc. ESPAÑA :
Name of publisher, distributor, etc. EDICIONES ENCUENTRO,
Date of publication, distribution, etc. 2002
300 ## - PHYSICAL DESCRIPTION
Extent 167
Dimensions 15 x 1.6 x 23
520 ## - SUMMARY, ETC.
Summary, etc. HE AQUÍ UN LIBRO QUE HACIA FALTA. CON UN PUNTO DE VISTA NOVEDOSO, EL PRESENTE ESTUDIO SOBRE LA FIGURA DE DOÑA, MALINCHE, LA INDÍGENA QUE ACOMPAÑO A HERNAN CORTES EN CONQUISTA DE MÉXICO-FIGURA SUMAMENTE CONTROVERTIDA EN LA HISTORIA, ODIOSA PARA UNOS, INTERESANTE PARA OTROS-, VA MOSTRANDO PASO A PASO LA FORMACIÓN DE LA QUE ES HOY DÍA LA IDENTIDAD DEL PUEBLO MEXICANO, DANDO PISTAS PARA LA COMPRENSIÓN DE FENÓMENOS COMO EL PRI, EL ZAPATISMO Y LA PARTICULAR RELIGIOSIDAD DE LOS MEXICANOS.
650 14 - SUBJECT ADDED ENTRY--TOPICAL TERM
Topical term or geographic name entry element MUJERES MEXICANAS
General subdivision MEXICO
-- HISTORIA
-- EPOCA COLONIAL. 1517
-- 1821
-- MALINCHE, LA (MALINTZIN)
-- CORTS, HERNAN
Existencias
Withdrawn status Lost status Source of classification or shelving scheme Damaged status Not for loan Collection code Home library Current library Shelving location Date acquired Source of acquisition Inventory number Total Checkouts Total Renewals Full call number Barcode Date last seen Date last checked out Price effective from Koha item type
    Dewey Decimal Classification     General Biblioteca Karol Wojtyla Biblioteca Karol Wojtyla Sala general 03/12/2013 Compra 151000000000000000037560 2 1 972.023 GON 73904 05/01/2026 07/03/2023 03/12/2013 Libro